000 00232nam a2200097Ia 4500
005 20251222114355.0
008 251222s1900||||xx |||||||||||||| ||spa||
082 _aDVD0097 F57/1989
245 0 _aHistoria Universal del Arte
942 _cDVD
999 _c1398
_d1398